El capital de Carlos Marx : (Record no. 79817)

MARC details
000 -LEADER
fixed length control field 00719nam a22002177a 4500
005 - DATE AND TIME OF LATEST TRANSACTION
control field 20230517111857.0
008 - FIXED-LENGTH DATA ELEMENTS--GENERAL INFORMATION
fixed length control field 140212s1978 mx ||| |||| ||||0 ||spa d
050 04 - LIBRARY OF CONGRESS CALL NUMBER
Classification number HB501
Item number R67 1978
100 1# - MAIN ENTRY--PERSONAL NAME
Personal name Rozemberg, D. I.,
Relator term autor
245 13 - TITLE STATEMENT
Title El capital de Carlos Marx :
Remainder of title Comentarios al primer tomo /
Statement of responsibility, etc D. I. Rozemberg ; prólogo de Pedro Lopéz Díaz ; [traducción Samuel Feldman].
250 ## - EDITION STATEMENT
Edition statement 1a ed.
260 ## - PUBLICATION, DISTRIBUTION, ETC. (IMPRINT)
Place of publication, distribution, etc México :
Name of publisher, distributor, etc Ediciones de Cultura Popular,
Date of publication, distribution, etc 1978
300 ## - PHYSICAL DESCRIPTION
Extent 3.V. ;
Dimensions 21 cm.
490 #0 - SERIES STATEMENT
Series statement Economía
504 ## - BIBLIOGRAPHY, ETC. NOTE
Bibliography, etc Incluye bibliografías
650 #7 - SUBJECT ADDED ENTRY--TOPICAL TERM
Source of heading or term LEMB
Topical term or geographic name as entry element Capital
650 #7 - SUBJECT ADDED ENTRY--TOPICAL TERM
Source of heading or term LEMB
Topical term or geographic name as entry element Capitalismo
700 1# - ADDED ENTRY--PERSONAL NAME
Personal name López Díaz, Pedro,
Relator term prol.
700 1# - ADDED ENTRY--PERSONAL NAME
Personal name Feldman, Samuel,
Relator term tr.
942 ## - ADDED ENTRY ELEMENTS (KOHA)
Source of classification or shelving scheme Biblioteca del Cogreso de los Estados Unidos
Koha item type Libro
Holdings
Estado de pérdida Fuente de clasificación Estado del daño No para préstamo Ubicación permanente Ubicación actual Apartado o colección Fecha de adquisición Fuente de adquisición Edición Enumeración de Serie / Cronológica Dependencia de educación superior (DES) Área del conocimiento Clasificación Código de Barras Date last seen Número de copia Costo por reposición Tipo de recurso Total Checkouts Date checked out
  Biblioteca del Cogreso de los Estados Unidos   Uso interno Biblioteca Biblioteca de la Facultad de Economía Biblioteca de la Facultad de Economía General 17/05/2023 Unidad Académica 1a ed. T:1 Ciencias Económico Administrativas Ciencias Sociales y Administrativas HB501 R67 r1979 BFE000004132 09/09/2014 C:1 1.00 Libro    
  Biblioteca del Cogreso de los Estados Unidos     Biblioteca de la Facultad de Economía Biblioteca de la Facultad de Economía General 17/05/2023 Unidad Académica 1a ed. T:1 Ciencias Económico Administrativas Ciencias Sociales y Administrativas HB501 R67 r1979 BFE000002393 03/04/2019 C:2 1.00 Libro 2 01/04/2019